00246nam a22001097a 4500003000400000020002200004082001700026100001700043245003700060260003100097300000800128SGT a978-1-906417-95-6 a746.92bM13L aLONG, SOPHIE aMASTERING THE ART OF EMBROIDERY  aLONDON bJAQUISELL. c2013 a287